00538nam a2200181Ia 4500008004100000020001800041082001600059100001900075245004700094250000800141260001900149300001200168600002100180650002100201942000800222952010900230999001700339241115s9999 xx 000 0 und d a0-201-10088-6 a005.453 AHO aAho, Alfred V. 0aCompilers: principles techniques and tools a.NA aNew Yorkc1986 ax,795p. aComputer Science aComputer Science cBBD 001040708BB-CSaUITUbUITUd2005-02-15eF.B.Cg113.50l0pBB997r2024-11-15 09:47:21w0000-00-00yBBD c25490d25490